| 000 | 01624nab a22002777a 4500 | ||
|---|---|---|---|
| 999 |
_c6340 _d6340 |
||
| 003 | OSt | ||
| 005 | 20260130215329.0 | ||
| 008 | 190603e xxum|||| |||| 00| 0 spa d | ||
| 040 | _cPJ | ||
| 100 |
_96419 _aPirchio, Federico Carlos |
||
| 245 | 1 | 3 |
_aEl derecho a la vivienda frente a la obligación de restitución del inmueble : _banálisis del caso desde el paradigma del Estado de derecho constitucional-convencional / _cFederico Carlos Pirchio. |
| 260 |
_cCiudad Autónoma de Buenos Aires : _aThomson Reuters La Ley, _b2025. |
||
| 300 | _ap. 222-230 | ||
| 500 | _aCita: TR LALEY AR/DOC/2250/2025 Publicado en: RCCyC 2025 (Octubre). | ||
| 505 | _aSumario: I. El fallo en análisis y la problemática planteada.— II. La resolución del caso a la luz del paradigma del Estado de derecho constitucional-convencional.— III. La construcción de la respuesta jurídica en el caso bajo análisis.— IV. La vulnerabilidad como eje transversal del derecho privado.— V. Conclusión. | ||
| 505 | _aFallo comentado: CNCiv., sala K ~ 05/05/2025 ~ F., C. A. c. C. Q., R. A. y otros s/ reivindicación. | ||
| 505 | _t¿Te interesa el texto completo? Solicitalo al correo: koha@justierradelfuego.gov.ar | ||
| 650 | 0 |
_91497 _aCODIGO CIVIL Y COMERCIAL |
|
| 650 | 0 |
_96327 _aDERECHO DE PROPIEDAD |
|
| 650 | 0 |
_9178 _aDERECHO CONSTITUCIONAL |
|
| 650 | 0 |
_95362 _aVIVIENDA FAMILIAR |
|
| 650 | 0 |
_92274 _aBIENES INMUEBLES |
|
| 650 | 0 | _aACCION REIVINDICATORIA | |
| 773 | 0 |
_02713 _93170 _dCiudad Autónoma de Buenos Aires : Thomson Reuters La Ley, 2015- _tRevista Código Civil y Comercial. Nº 5 - Octubre 2025 |
|
| 942 |
_2udc _cANA |
||